000 00501nam a2200181 4500
999 _c188998
_d188998
005 20220609112400.0
010 _aENG-133177
020 _a9788192038285
_c250.00
035 _aEN-116709
037 _bDBAD/PUB
082 _a920
100 _aSarkar, Dilip Kumar
245 _aNobel Prize With Special Reference to India/
_cDilip Kumar Sarkar
260 _aKolkata
_bDilip Kumar Sarkar
_c2019
270 _bKolkata
300 _a216p.
_c21cm(pbk)
942 _2ddc
_cEN
_h920
_mSAR